Tributos em espécie / (Record no. 797)

MARC details
000 -LÍDER
Campo Fixo de Controle 00952nam a2200289 a 4500
001 - NÚMERO DE CONTROLE
Campo de Controle 797
003 - IDENTIFICAÇÃO DO NÚMERO DE CONTROLE
Campo de Controle BR-CuiBMT
005 - DATA E HORA DA ÚLTIMA ATUALIZAÇÃO
Campo de Controle 20231120051031.0
008 - DADOS FIXOS
Dados Fixos 231108s2015 baba 000 0 por d
020 ## - INTERNATIONAL STANDARD BOOK NUMBER
Nº do ISBN 8544204414
040 ## - AGÊNCIA CATALOGADORA
Código da Agência Catalogadora BR-CuiBMT
Agência que transcreveu o registro BR-CuiBMT
080 ## - Nº DA CLASSIFICAÇÃO DECIMAL UNIVERSAL
Nº Class. CDU 336.22
Nº edição CDU 2007
090 ## - NÚMERO DE CHAMADA
Nº classificação 336.22
Cutter C355t
Ano/Edição 2. ed.
100 1# - ENTRADA PRINCIPAL -- AUTOR PESSOAL
Nome pessoal Castro, Eduardo Moreira Lima Rodrigues de
245 10 - TÍTULO PRINCIPAL
Título principal Tributos em espécie /
Indicação de responsabilidade Eduardo Moreira Lima Rodrigues de Castro, Helton Kramer Lustoza, Marcus de Freitas Gouvêa.
250 ## - EDIÇÃO
Edição 2. ed., rev., ampl. e atual.
260 ## - PUBLICAÇÃO, DISTRIBUIÇÃO, ETC.
Local de publicação Salvador :
Editora JusPODIVM,
Data 2015.
300 ## - DESCRIÇÃO FÍSICA
N. páginas ou volumes 818 p.:
Ilustrações il. ;
Dimensões 24 cm
504 ## - NOTA DE BIBLIOGRAFIA, ETC.
Nota de bibliografia Inclui bibliografia.
650 ## - ASSUNTO TÓPICO
Cabeçalho tópico ou nome geográfico Direito tributário
Subdivisão geral Teoria geral
650 ## - ASSUNTO TÓPICO
Cabeçalho tópico ou nome geográfico Competência tributária
Subdivisão geral Impostos
650 ## - ASSUNTO TÓPICO
Cabeçalho tópico ou nome geográfico Direito financeiro
650 ## - ASSUNTO TÓPICO
Cabeçalho tópico ou nome geográfico Impostos
Subdivisão geral Jurisprudência
700 ## - ENTRADA SECUNDÁRIA -- NOME PESSOAL
Nome pessoal Lustoza, Helton Kramer
700 ## - ENTRADA SECUNDÁRIA -- NOME PESSOAL
Nome pessoal Gouvêa, Marcus de Freitas,
Datas associadas ao nome 1974-
942 ## - ELEMENTOS DE ENTRADA ADICIONAIS (KOHA)
Fonte de classificação ou esquema de arquivamento Classificação Decimal Universal
Tipo de item do Koha Livros
Holdings
Estado: removido Estado: perdido Fonte de classificação ou esquema de arquivamento Estado: danificado Indisponível para empréstimo Localização permanente Localização atual Data de aquisição Total Checkouts Número de Chamada completo Código de barras Date last seen Número do exemplar Preço efetivo a partir de Tipo de item (Koha)
    Classificação Decimal Universal     Biblioteca da Escola Superior de Contas do TCE/MT Biblioteca da Escola Superior de Contas do TCE/MT 17/11/2023   336.22 C355t 2. ed. BIBTCEMT23110726 17/11/2023 Ex. 1 17/11/2023 Livros

Powered by Koha